Malaria in Africa
Salvato in:
| Autore principale: | |
|---|---|
| Natura: | Libro |
| Pubblicazione: |
London :
Oxford U. P.,
1966.
|
| Soggetti: | |
| Tags: |
Aggiungi Tag
Nessun Tag, puoi essere il primo ad aggiungerne!!
|
MARC
| LEADER | 00000cam a2200000u 4500 | ||
|---|---|---|---|
| 020 | |a NA |c NA | ||
| 040 | |a MUL |b eng. |e AACR | ||
| 082 | |a 610 COL | ||
| 100 | 1 | |a Colbourne, Michael James | |
| 245 | 1 | 0 | |a Malaria in Africa |c / Colbourne Michael James |
| 260 | |a London : |b Oxford U. P., |c 1966. | ||
| 300 | |a vii, 155 p. |b map, tables, diagrs. |c 20 cm. | ||
| 546 | |a eng. | ||
| 650 | 0 | |a Malaria |z Africa. | |
| 942 | |c BK | ||
| 999 | |c 3391 |d 3391 | ||